Személycserék a városi szervezetek élén tizennyolc képviselő szavazatával visszakerültek posztjukra a májusban leváltott vezetőségi tagok [szerző] (száz)

Bibliographic Details
Format: Article
Language:Hungarian
PhysicalDescription:Fotogr.
ISSN:1335-7050
Subjects:

MARC

LEADER 00000nab a2200000 a 4500
001 vtls009326883
003 SK-MaSNL
005 20260319071043.0
008 080827 20080827xo | || | |00 0 hun|
038 |a NZKAB 
040 |a NZKAB  |b slo  |c NZKAB  |e AACR2 
041 0 |a hun 
044 |a xo  |c SK 
080 |a 352  |2 1997 
245 0 0 |a Személycserék a városi szervezetek élén  |b tizennyolc képviselő szavazatával visszakerültek posztjukra a májusban leváltott vezetőségi tagok [szerző] (száz) 
300 |b Fotogr. 
610 2 7 |a Nové Zámky (Slovensko).  |b Mestské zastupiteľstvo  |2 snkbucl  |9 216364 
648 7 |a 25.8.2008  |2 nzkab  |9 1055022 
650 0 7 |a personálne zmeny  |2 nzkab  |9 1016550 
651 7 |a Nové Zámky (Slovensko)  |2 nzkab  |9 15884 
773 0 |t Új Szó  |g Évf. 61, sz. 200 (27.8.2008), o. 5  |x 1335-7050 
852 |a NZKAB  |b KIS3GCP 
958 |a RG 
999 |c 1734613  |d 1736543